000 00533pab a2200169 454500
008 180718b2004 xxu||||| |||| 00| 0 eng d
100 _aPandey, Arvind et.al.
245 _aAre too early, too quickly and too many births the high risk?: an analysis of infant mortality in India using national family health survey
260 _c2004
300 _ap.127-57.
362 _aJul-Dec
650 _aMortality - India
650 _aChild mortality - India
650 _aChild mortality
773 _aDemography India
909 _a67311
999 _c67311
_d67311